000 01562nam a22002777a 4500
005 20110722160421.0
010 _aB-428240-244
020 _a9780140140439
_c225.00
035 _aB-428240-244
037 _bAllied Publishers
082 _aS
100 _aRushdie, Salman
_930917
245 _aHaroun and the sea of stories /
_cby Salman Rushdie
260 _aNew Delhi
_bPenguin Books
_c1991
270 _a11 Community Centre, Panchsheel Park,
_bNew Delh
_e110017
300 2 _a391p. .
_c19cm(pbk)
500 _aIncludes bibliographical references
650 _aNovel
_9904
942 _2ddc
_cEN
_mRUS
_hS
999 _c54260
_d54260